Welcome to the Holygrace Academy Library

Please use search bar below to get started

CHESTNUT HILL (Record no. 1888)

MARC details
000 -LEADER
fixed length control field 00405nam a22001577a 4500
020 ## - INTERNATIONAL STANDARD BOOK NUMBER
ISBN 0-439-94395-7
082 ## - DEWEY DECIMAL CLASSIFICATION NUMBER
Classification number 823
Item number BRO/C
100 ## - MAIN ENTRY--AUTHOR NAME
Personal name BROOKE, LAUREN
245 ## - TITLE STATEMENT
Title CHESTNUT HILL
Remainder of title THE NEW CLASS- SHORT STORY
246 ## - VARYING FORM OF TITLE
Title proper/short title CHESTNUT HILL
Remainder of title THE NEW CLASS- SHORT STORY
260 ## - PUBLICATION, DISTRIBUTION, ETC. (IMPRINT)
Place of publication UK
Name of publisher SCHOLASTIC CHILDRENS BOOKS
Year of publication 2005
300 ## - PHYSICAL DESCRIPTION
Number of Pages 208
520 ## - SUMMARY, ETC.
Summary, etc SHORT STORY
650 ## - SUBJECT ADDED ENTRY--TOPICAL TERM
Topical Term SHORT STORY
942 ## - ADDED ENTRY ELEMENTS (KOHA)
Koha item type Books
Holdings
Withdrawn status Lost status Collection code Home library Current library Shelving location Date acquired Source of acquisition Full call number Accession Number Koha item type
    Fiction Main Library Main Library SHELF 4-B ANIMAL ARK 25/03/2014 Purchase 823 BRO/C 08177 Books